00903nam a22001457a 4500003000900000005001700009008004100026040001300067100002100080245005800101260003600159300001800195490005000213520049400263IT-RoPau20220918181219.0140321b xxu||||| |||| 00| 0 eng d cIT-RoPau aFamiglia Paolina aConosci tuo Padre per "essere san Paolo oggi vivente" bTipolitografia Trullo srlc2008 a68 pp.c21 cm aItinerario spirituale per la Famiglia Paolina aIndice Presentazione Introduzione Come vivere l'esercizio di preghiera 1° giorno: Preambolo 2° giorno: Gloria al Padre - Via di purificazione 3° giorno: Gloria al Padre - Via di purificazione 4° giorno: Gloria al Figlio - Via di illuminazione 5° giorno: Gloria al Figlio - Via di illuminazione 6° giorno: Gloria allo Spirito Santo - Via di unione 7° giorno: Gloria allo Spirito Santo - Via di unione Schema di sintesi per l'esame di coscienza Proposta di progetto spirituale Sigle